| 000 | 00860nam a2200229 a 4500 | ||
|---|---|---|---|
| 999 |
_c11059 _d11059 |
||
| 001 | 11059 | ||
| 003 | BD-JhCC | ||
| 005 | 20190727164902.0 | ||
| 008 | 190627s20102012bg |||| |||| 000 0 ben d | ||
| 020 | _a9847016200953 | ||
| 035 | _a(BD-JhCC)11059 | ||
| 040 |
_aBD-JhCC _dBD-JhCC |
||
| 041 | _aben | ||
| 082 |
_a954.92 _bSHA 2012 |
||
| 245 |
_aস্বাধীন বাংলা বেতারকেন্দ্র ও শব্দসৈনিক / _cসম্পাদনায় বিপ্রদাশ বড়ুৃয়া |
||
| 260 |
_aঢাকা : _bপার্ল পাবলিকেশন্স, _c২০১২. |
||
| 300 |
_a৫৪৭ পৃ. : _c২২ সেমি. |
||
| 650 |
_aBetar _zBangladesh |
||
| 650 |
_aIndependent Radio _zBangladesh |
||
| 700 | _aবড়ুৃয়া, বিপ্রদাশ | ||
| 942 |
_2ddc _cBK |
||